=LDR 00000nam 2200000 4500 =001 INLIS000000000056002 =005 20200811104905 =035 ##$$a 0010-0820000143 =007 ta =008 200811###########################0#eng## =020 ##$$a 0 942091 01 9 =082 ##$$a 915.19 =084 ##$$a 915.19 Yoo k =100 #$$a Dr. Yushin Yoo =245 1#$$a Korea The Beautiful: Treasures Of The Hermit Kingdom /$c Dr. Yushin Yoo =260 ##$$a Seoul (Korea) :$b Samsung Moonhwa Printing Co.,$c 1987 =300 ##$$a 226 Halaman : $b Ilustrasi ; $c 28 Cm. =650 #4$$a Korea - Geografi =520 ##$$a Index: 223-226 Halaman =990 ##$$a 28072807